| 000 | 01407nam a22004697a 4500 | ||
|---|---|---|---|
| 005 | 20251208160518.0 | ||
| 008 | 181127b2014 xxu||||| |||| 00| 0 spa d | ||
| 020 | _a9786076224496 | ||
| 041 | _aESP | ||
| 082 | _a658.562 P438c | ||
| 100 | _aPérez Marqués, María | ||
| 245 | _aControl de calidad: técnicas y herramientas | ||
| 260 | _aMéxico | ||
| 260 | _bAlfaomega | ||
| 260 | _c2016 | ||
| 300 | _a394 páginas | ||
| 490 | _aDirección y Administración de Empresas | ||
| 650 | _aCONTROL DE CALIDAD | ||
| 650 | _aPROCESO DE PRODUCCIÓN | ||
| 650 | _aPROCESO DE LA CALIDAD | ||
| 650 | _aEVALUACIÓN DE LA CALIDAD | ||
| 650 | _aMODELOS PARA EL CONTROL DE CALIDAD | ||
| 650 | _aMODELO SEIS SIGMA | ||
| 650 | _aSOFTWARE PARA EL CONTROL DE CALIDAD | ||
| 650 | _aDIAGRAMAS | ||
| 650 | _aDIAGRAMA CAUSA-EFECTO | ||
| 650 | _aDIAGRAMA DE PARETO | ||
| 650 | _aGRÁFICOS DE CONTROL | ||
| 650 | _aVARIABLES | ||
| 650 | _aGRÁFICOS EXPLORATORIOS EN CONTROL DE CALIDAD | ||
| 650 | _aMÉTODOS AUTOMATIZADOS | ||
| 650 | _aCONTROL EN EL PROCESO DE CALIDAD | ||
| 650 | _aMÉTODOS AUTOMATIZADOS EN EL CONTROL DE PROCESOS | ||
| 650 | _aDISEÑOS UNIFACTORIALES | ||
| 650 | _aDISEÑOS MULTIFACTORIALES | ||
| 650 | _aMETODOLOGÍA SEIS SIGMA | ||
| 650 | _aDISTRIBUCIONES | ||
| 650 | _aCONTROL ESTADÍSTICO | ||
| 650 | _aPROCESOS | ||
| 650 | _aMUESTREO | ||
| 942 |
_cBK _2ddc |
||
| 999 |
_c11374 _d11374 |
||